Fighting Armed Robbery in Ghana (Record no. 3168)

MARC details
000 -LEADER
fixed length control field 01114nam a22001577a 4500
020 ## - INTERNATIONAL STANDARD BOOK NUMBER
ISBN 9988111657
050 ## - CALL NUMBER
Classification number HV6665
100 ## - AUTHOR
Personal name Ken Agyeman Attafuah
245 ## - TITLE
Title Fighting Armed Robbery in Ghana
Statement of responsibility, etc Ken Agyeman Attafuah
260 ## - PUBLICATION INFORMATION
Place of publication Accra, Ghana
Name of publisher Justice & Human Rights Institute,
Year of publication 2008
300 ## - DESCRIPTION
Number of Pages xviii, 332 p.;
Other physical details illus.,
Dimensions 23 cm.
500 ## - NOTES
General note Includes Index
505 ## - FORMATTED CONTENTS NOTE
Table of Content Chapter 1: Robbery in Perspective<br/>Chapter 2:Crime prevention in Ghana - Some Characteristics and Trends<br/>Chapter 3: Factors Implicated in Armed Robbery<br/>Chapter 4: Becoming an Armed Robber<br/>Chapter 5: Common Sites Armed Robbery in Ghana<br/>Chapter 6: Target Selection and Rules of Engagement<br/>Chapter 7: Deadly Encounters and Raper in Armed Robbery<br/>Chapter 8: Enjoying the Gain and Avoiding Trouble<br/>Chapter 9: Factors Affecting the Probability of Arrest<br/>Chapter 10: Societal Responses to Armed Robbery in Ghana<br/>Chapter 11: Quitting Armed Robbery<br/>Chapter 12: Fighting Armed Robbery in Ghana<br/>Chapter 13: Police and Policing Capacity in Ghana<br/>Chapter 14: Conclusion
650 ## - SUBJECTS
Topical Term Crime prevention
General subdivision Crime prevention
942 ## - ADDED ENTRY ELEMENTS (KOHA)
Koha item type Books
Holdings
Withdrawn status Lost status Home library Current library Shelving location Date acquired Full call number Accession Number Koha item type
    Methodist University Library Tema Methodist University Library Tema Reference 04/03/2009 HV6665 19202 Books
Copyright © 2026  MUG Library